Normal view
MARC view
- تاليف عميرة، ميرفت يوسف
Entry Personal Name
001 - CONTROL NUMBER
- control field: 63879
003 - CONTROL NUMBER IDENTIFIER
- control field: JO-AjAnu
005 - DATE AND TIME OF LATEST TRANSACTION
- control field: 20230606084426.0
008 - FIXED-LENGTH DATA ELEMENTS
- fixed length control field: 230606|| aca||aabn | a|a d
040 ## - CATALOGING SOURCE
- Original cataloging agency: JO-AjAnu
- Transcribing agency: JO-AjAnu
100 ## - HEADING--PERSONAL NAME
- Personal name: تاليف عميرة، ميرفت يوسف
670 ## - SOURCE DATA FOUND
- Source citation: Work cat.: (JO-AjAnu)32566: تاليف عميرة، ميرفت يوسف, author, تحليل السلوك التطبيقي مع ذوي اضطراب طيف التوحد: ( دليل ارشادي وعملي)